Equipes des apprentis aventuriers 7 - Statistiques

Statistiques générales
  • Ce quiz a été pris 70 fois
  • Le résultat moyen est 9 sur 10
Statistiques - réponses
Par images Réponse % Correct
Gris
98%
Rouge
95%
Bleu
93%
Noir
93%
Rose
93%
Blanc
91%
Violet
91%
Orange
88%
Jaune
86%
Marron
86%
Aucun quiz correspondant
Distribution des résultats
% des personnes avec chaque résultat
Percentile par nombre de réponses
Votre historique - résultats
Vous n’avez pas pris ce quiz